000 00670nam a2200169 a 4500
008 120416s1974 ||||||||||||||||| || u
020 _a0435659669
050 _aQD 171 Man
100 _aMander, M. R
245 1 0 _aMetals and alloys: student's text
260 _aLondon
_bHeinemann
_c1974
350 _a0.00
650 _aTEXTBOOKS
650 _aMETAL
995 _aANNEX COLLECTION (Main Library)
_D0.00
_e716275
_FCBU-MAIN LIBRARY (Kitwe)
_H2
_I2.70
_jQD 171 Man
_M2
_UAVAILABLE
_y012325
_ZAnnex Low-Usage Collection
995 _aANNEX COLLECTION (Main Library)
_D0.00
_e716274
_FCBU-MAIN LIBRARY (Kitwe)
_H1
_I2.70
_jQD 171 Man
_M1
_UAVAILABLE
_y012326
_ZAnnex Low-Usage Collection
999 _c82874
_d82874